01019nam a2200241 a 4500001001000000003000500010005001700015008004100032010001100073011001100084040000900095100003100104245023200135260004100367500006000408502009600468650002200564650003400586650003100620650001700651650003900668856007000707000111265CHAP20220329144204.0150123s2014 mx |sm |||||||spa d a107727 a108699 cCHAP1 aQuezada Escárcega, Diego10aEstres termico, restricción divergente y tercer tercio de gestación en ovejas:h[En línea]bEfectos sobre la concentración serica de trigliceridos y los pesos de la camada al nacimiento /cpor Diego Quezada Escárcega. aBermejillo, Dgo. :bEl autor,c2014. aPara ver el contenido del material haga clic en la liga aTesis (Ing. en Sistemas Pecuarios) -- UACH. Unidad Regional Universitaria de Zonas Áridas14aEstrés termico.14aGanado lanarxAlimentación.14aGanado lanarxNutrición.14aGestación.14aProteínas en nutrición animal. aFinding aiduhttp://10.13.5.2/tesis/sist111265.pdfzTeclea aquí